ASME 2020 International Design Engineering Technical Conferences and Computers and Information in Engineering Conference Volume 3: 17th International Conference on Design Education (DEC)

Bibliographic Details
Format: Electronic Journal
Language:English
Published: ASME
Online Access:Full text available on ASME[2020-2020]
Off-campus access
LEADER 01097cas a2200181 a 4500
001 AALConferenceProceedingsASME000178
008 230101c9999 xx r poo 0 0eng d
020 |a 978-0-7918-8392-1 
040 |a BD-DhAAL  |c BD-DhAAL 
245 0 0 |h [electronic resource]  |a ASME 2020 International Design Engineering Technical Conferences and Computers and Information in Engineering Conference Volume 3: 17th International Conference on Design Education (DEC) 
260 |b ASME 
300 |a 1 online resource 
500 |a <strong>Off-Campus Access:</strong> Athens ID and Password Required 
500 |a <strong>On-Campus Access:</strong> No User ID or Password Required 
506 |a Electronic access restricted to authorized BRAC University faculty, staff and students 
538 |a Mode of access: Internet 
856 4 0 |z Full text available on ASME[2020-2020]  |u https://asmedigitalcollection.asme.org/IDETC-CIE/IDETC-CIE2020/volume/83921 
856 4 0 |z Off-campus access  |u https://go.openathens.net/redirector/bracu.ac.bd?url=https%3A%2F%2Fasmedigitalcollection.asme.org%2FIDETC-CIE%2FIDETC-CIE2020%2Fvolume%2F83921